Zabezpečenie účasti hotela na veľtrhu cestovného ruchu

Účasť hotela na veľtrhu cestovného ruchu. Určujúce faktory úspešnej prezentácie hotela. Formulácia 10 zásad, ktorých dodržiavaním je podmienená úspešná účasť hotela na veľtrhu cestovného ruchu.

Gespeichert in:
Bibliographische Detailangaben
1. Verfasser: Makovník, Tomáš
Format: Buchkapitel
Sprache:Slowakisch
Schlagworte:
Tags: Tag hinzufügen
Keine Tags, Fügen Sie das erste Tag hinzu!

MARC

LEADER 00000naa a2200000 4500
001 r048712
005 20230724111421.8
041 0 |a slo 
044 |a SK 
245 1 0 |a Zabezpečenie účasti hotela na veľtrhu cestovného ruchu  |c Tomáš Makovník 
520 |a Účasť hotela na veľtrhu cestovného ruchu. Určujúce faktory úspešnej prezentácie hotela. Formulácia 10 zásad, ktorých dodržiavaním je podmienená úspešná účasť hotela na veľtrhu cestovného ruchu. 
610 2 0 |a hotely 
610 2 0 |a veľtrhy 
610 2 0 |a ruch cestovný 
610 2 0 |a propagácia 
100 1 |a Makovník, Tomáš